2021 NCAA Men's Basketball Conference All-Freshmen Teams - Statistics

General Stats
  • This quiz has been taken 8 times
  • The average score is 23 of 114
Answer Stats
Conference Player College % Correct
Big 12 Cade Cunningham Oklahoma State
80%
Big East Colby Jones Xavier
80%
SEC K.D. Johnson Georgia
80%
SEC Keon Johnson Tennessee
80%
America East Nick Johnson New Hampshire
80%
Patriot R.J. Johnson Holy Cross
80%
C-USA Rubin Jones North Texas
80%
ACC Scottie Barnes Florida State
80%
ACC Caleb Love North Carolina
60%
Big South D'Maurian Williams Gardner-Webb
60%
Pac-12 Evan Mobley USC
60%
Big Ten Hunter Dickinson Michigan
60%
SEC Isaiah Jackson Kentucky
60%
Big Ten Andre Curbelo Illinois
40%
SEC Cameron Thomas LSU
40%
ASUN Chase Johnston Stetson
40%
Big East Chuck Harris Butler
40%
ACC Day'Ron Sharpe North Carolina
40%
ASUN Detalian Brown North Alabama
40%
ACC DJ Steward Duke
40%
Big 12 Greg Brown Texas
40%
Big Ten Jaden Ivey Purdue
40%
SEC Jaden Springer Tennessee
40%
WCC Jalen Suggs Gonzaga
40%
Big 12 Jalen Wilson Kansas
40%
MEAC Jemal Davis South Carolina State
40%
A-10 Jordan Hall Saint Joseph's
40%
ASUN Josh Smith Stetson
40%
Big Ten Keegan Murray Iowa
40%
Big South Rayshon Harrison Presbyterian
40%
SEC Sharife Cooper Auburn
40%
Big Ten Zach Edey Purdue
40%
A-10 Adrian Baldwin Jr. VCU
20%
Pac-12 Azuolas Tubelis Arizona
20%
Pac-12 Bennedict Mathurin Arizona
20%
MVC Bowen Born Northern Iowa
20%
AAC Caleb Murphy South Florida
20%
ASUN Chris Youngblood Kennesaw State
20%
CAA Connor Kochera William & Mary
20%
AAC Damian Dunn Temple
20%
CAA Darius Burford Elon
20%
C-USA Dayvion McKnight Western Kentucky
20%
Pac-12 Efe Abogidi Washington State
20%
AAC Isaiah Adams UCF
20%
Pac-12 Jabari Walker Colorado
20%
ACC Jae'Lyn Withers Louisville
20%
WCC Jalin Anderson Loyola Marymount
20%
C-USA Jason Pierre Jr. Southern Miss
20%
Patriot Jeff Woodward Colgate
20%
A-10 Jhamir Brickus La Salle
20%
C-USA Jordan Ivy-Curry UTSA
20%
SEC Joshua Primo Alabama
20%
Big South Justin Hill Longwood
20%
C-USA Kenneth Lofton Jr. Louisiana Tech
20%
MAC Mark Sears Ohio
20%
America East Mekhi Gray NJIT
20%
Big 12 Mike Miles TCU
20%
SEC Moses Moody Arkansas
20%
AAC Moussa Cisse Memphis
20%
Big East Posh Alexander St. John's
20%
MAAC Ricardo Wright Marist
20%
AAC Ricky Council IV Wichita State
20%
MVC Rienk Mast Bradley
20%
A-10 Tyler Kolek George Mason
20%
Big East Adama Sanogo UConn
0%
Big South Ahmil Flowers High Point
0%
SoCon A.J. Staton-McCray Samford
0%
America East Anthony Blunt UMass Lowell
0%
MAC Aundre Polk Central Michigan
0%
America East Blondeau Tchoukuiegno New Hampshire
0%
WCC Caleb Lohner BYU
0%
SoCon Damari Monsanto East Tennessee State
0%
Big East Dawson Garcia Marquette
0%
NEC DeLonnie Hunt Wagner
0%
Big South Fah'Mir Ali Radford
0%
MAAC Hakim Byrd Marist
0%
CAA Jahmyl Telfort Northeastern
0%
Big 12 Jalen Bridges West Virginia
0%
Patriot Jalen Rucker Army
0%
MEAC Jalen Speer Florida A&M
0%
NEC Joe Munden Jr. Fairleigh Dickinson
0%
Patriot Johnny O'Neil American
0%
ASUN Jonathan Aybar North Florida
0%
MAC Josiah Fulcher Bowling Green
0%
CAA Justin Amadi James Madison
0%
MAC Kaden Metheny Bowling Green
0%
MEAC Kenan Sarvan Coppin State
0%
CAA Kvonn Cramer Hofstra
0%
Patriot Kyle Jenkins Lafayette
0%
MVC Kyler Filewich Southern Illinois
0%
Horizon Lucas Stieber Green Bay
0%
MAAC Luis Kortright Quinnipiac
0%
NEC Malik Edmead Merrimack
0%
Horizon Marques Warrick Northern Kentucky
0%
America East Max Brooks UMass Lowell
0%
NEC Maxwell Land St. Francis (PA)
0%
Horizon Micah Parrish Oakland
0%
NEC Mike Sixsmith Sacred Heart
0%
WCC Mitchell Saxen Saint Mary's
0%
SoCon Morgan Safford Wofford
0%
A-10 Mustapha Amzil Dayton
0%
MVC Nate Heise Northern Iowa
0%
MAAC Nelly Junior Joseph Iona
0%
MEAC Nendah Tarke Coppin State
0%
WCC Oumar Ballo Gonzaga
0%
MAC Ryan Rollins Toledo
0%
SoCon Sam Godwin Wofford
0%
MVC Sheldon Edwards Valparaiso
0%
Horizon Shemar Rathan-Mayes Youngstown State
0%
AAC Tari Eason Cincinnati
0%
MEAC Themus Fulks South Carolina State
0%
SoCon Trey Bonham VMI
0%
Horizon Trey Townsend Oakland
0%
MAAC Tymu Chenery Quinnipiac
0%
No matching quizzes found
Score Distribution
Percent of People with Each Score
Percentile by Number Answered
Your Score History
You have not taken this quiz